| 000 | 01974nam a22006497a 4500 | ||
|---|---|---|---|
| 003 | OSt | ||
| 005 | 20230503094019.0 | ||
| 008 | 221006b |||||||| |||| 00| 0 eng d | ||
| 040 | _cBiblioteca Lado V | ||
| 082 |
_a701.18 _bO48e |
||
| 100 |
_9294 _aOlivares, Rosa _eeditor |
||
| 245 |
_aExit Express/ _bRevista de Información y Debate sobre arte actual/ |
||
| 260 |
_bOlivares y Asociados S.L. _aEspaña _c2009 |
||
| 300 |
_c25x33cm _a145p. |
||
| 366 | _espa | ||
| 490 |
_aEspecial _v2009 |
||
| 505 | _tEditorial. | ||
| 505 | _tJean Baudrillard | ||
| 505 | _tDaniel Buren | ||
| 505 | _tMaurizio Cattelan | ||
| 505 | _tNacho Criado | ||
| 505 | _tJeremy Deller | ||
| 505 | _tDias & Riedweg | ||
| 505 | _tValie Export | ||
| 505 | _tLeon Export | ||
| 505 | _tLeon Ferrari | ||
| 505 | _tEsther Ferrer | ||
| 505 | _tCarlos Garaicoa | ||
| 505 | _tDominique Gonzalez-Foerster | ||
| 505 | _tGuillermo Gomez-Peñ | ||
| 505 | _tLuis gordillo | ||
| 505 | _tDouglas Gordon | ||
| 505 | _tThomas Hirschhorn | ||
| 505 | _tFrancesco Jodice | ||
| 505 | _tRogelio Lopez Cuenca | ||
| 505 | _tRafael Lonazo'Hemmer | ||
| 505 | _tJuan Luis Moraza | ||
| 505 | _tAnthony Muntadas | ||
| 505 | _tDamian Ortega | ||
| 505 | _tPejaume | ||
| 505 | _tMartha Rosler | ||
| 505 | _tJuliao Sarmento | ||
| 505 | _tRichard Serra | ||
| 505 | _tAndres Serrano | ||
| 505 | _tLorna Simpson | ||
| 505 | _tJuan Ugalde | ||
| 505 | _tIsidoro Valcárcel Medina | ||
| 505 | _tAdriana Varejao | ||
| 650 |
_2Tesauro de Arte & Arquitectura _aARTE _9703 |
||
| 650 |
_2Tesauro de Arte & Arquitectura _aEXPOSICIONES |
||
| 650 |
_2Tesauro de Arte & Arquitectura _aCULTURA |
||
| 650 |
_2Tesauro de Arte & Arquitectura _aAPRECIACION |
||
| 650 |
_2Tesauro de Arte & Arquitectura _aTEORIA |
||
| 650 |
_2Tesauro de Arte & Arquitectura _aLITERATURA |
||
| 650 |
_2Tesauro de Arte & Arquitectura _aESPAÑA |
||
| 942 |
_2ddc _c1 _h701.18 _iO48e _n0 |
||
| 999 |
_c3513 _d3513 |
||